Iustitia Galata pro lege, pro rege et pro patria adversus catholicae fidei hostes et coeteros hispaniarum invasores et perduelles

Detalles Bibliográficos
Autor principal: MALDONADO, Antonio
Formato: Libro
Publicado: s.l. s.d.
Materias:
Colección:Banco de datos
Acervo:Biblioteca del Ex Convento de Nuestra Señora de Guadalupe. Zacatecas
Tema general:Apologética
Notas:Regular. XXI,4,4 (6637)
LEADER 00771nam a22001930004500
035 |a 44319 
036 |a 5503 
100 1 |a MALDONADO, Antonio 
245 1 0 |a Iustitia Galata pro lege, pro rege et pro patria adversus catholicae fidei hostes et coeteros hispaniarum invasores et perduelles 
260 |a s.l.  |b imp. Diego de Valverde y Leyva, Cortes de Rivera  |c s.d. 
500 |a Regular. XXI,4,4 (6637) 
650 1 0 |a Apologética 
949 |a CRZ-CG 
959 |a Ex convento de Nuestra Señora de Guadalupe, Museo Regional de Zacatecas, Zacatecas  |b CCC4 
960 |a Convento de Nuestra Señora de Guadalupe, Zacatecas  |b DD87 
961 |a Franciscana  |b OF 
942 |c CRZ-CG 
943 |g Biblioteca del Ex Convento de Nuestra Señora de Guadalupe. Zacatecas 
999 |c 968446  |d 968446